| 000 | 00756na a2200265 4500 | ||
|---|---|---|---|
| 001 | 24240 | ||
| 003 | MIRAKIL | ||
| 005 | 20181213155332.0 | ||
| 008 | 180706b tu 000 0 | ||
| 020 | _a9789754949575 | ||
| 040 |
_aMilas _btur _cTR-AnCHP |
||
| 041 | _atur | ||
| 082 |
_a320.9561 _bI74n 2001 |
||
| 090 | _a320.9561 I74n 2001 | ||
| 100 | _aÇelebi, Işın | ||
| 245 |
_aNe olacak ? Ne yapmalıyız ? _cIşın Çelebi |
||
| 250 | _a2. bs. | ||
| 260 |
_aAnkara _bBilgi Yayınevi _c2001 |
||
| 300 |
_a438 s. _btbl. , grf. _c19 sm. |
||
| 440 |
_aBilgi Yayınları/Bilgi Dizisi _v136 |
||
| 500 | _aYapıt yazarından imzalıdır. | ||
| 504 | _aKaynakça var. | ||
| 650 |
_aSiyaset ve yönetim _xTürkiye _y20. yüzyıl |
||
| 942 |
_2ddc _cBKS |
||
| 999 |
_c10760 _d10760 |
||